| 000 | 00778nam a2200265Ia 4500 | ||
|---|---|---|---|
| 003 | OSt | ||
| 005 | 20220918213653.0 | ||
| 006 | a|||||r|||| 00| 0 | ||
| 007 | ta | ||
| 008 | 220917b |||||||| |||| 00| 0 eng d | ||
| 024 | _a133,820 | ||
| 037 | _cTextual | ||
| 040 |
_aARTS _cARTS _beng |
||
| 041 |
_2eng _aeng |
||
| 082 | _aX:979D.53.N68<-M30, L4 | ||
| 100 |
_aShorter Edward _923999 |
||
| 245 | 0 | _aStrike in France 1830-1968 | |
| 260 |
_aCambridge _bCambridge University Press _c1974 |
||
| 300 |
_axxiii, 428p. _ccm. |
||
| 500 | _aAppendix p351-376; Bibliography p401-412 | ||
| 650 | _aECONOMICS | ||
| 700 |
_a Tilly Charles _936244 |
||
| 942 |
_hX:979D.53.N68<-M30, L4 _cTEXL _2CC |
||
| 999 |
_c256927 _d256927 |
||